Normal view
MARC view
Entry Personal Name
001 - CONTROL NUMBER
- control field: 1237859
003 - CONTROL NUMBER IDENTIFIER
- control field: OSt
005 - DATE AND TIME OF LATEST TRANSACTION
- control field: 20260430150547.0
008 - FIXED-LENGTH DATA ELEMENTS
- fixed length control field: 260430|| aca||aabn | a|a d
040 ## - CATALOGING SOURCE
- Original cataloging agency: OSt
- Transcribing agency: OSt
100 ## - HEADING--PERSONAL NAME
- Personal name: University of Delhi. Faculty of Inter-Disciplinary&Applied Science. Deptt. of Plant Molecular Biology
670 ## - SOURCE DATA FOUND
- Source citation: Work cat.: (OSt)1850080: Vashisth Vishal Au.; Kapoor Sanjay Gu.; Sharma Arun Kumar Gu.; Tyagi Akhilesh Kumar Gu. 1237858, Investigation on the Mechanism of Action of Stress Associated Protein (SAP) Genes of Rice, 2024
